|
|
|
|
| LEADER |
00000cam a22000004a 4500 |
| 001 |
musev2_6685 |
| 003 |
MdBmJHUP |
| 005 |
20230905040758.0 |
| 006 |
m o d |
| 007 |
cr||||||||nn|n |
| 008 |
080822s2009 iau o 00 0 eng d |
| 010 |
|
|
|z 2008036505
|
| 020 |
|
|
|a 9781587298394
|
| 020 |
|
|
|z 9781587297892
|
| 035 |
|
|
|a (OCoLC)560650387
|
| 040 |
|
|
|a MdBmJHUP
|c MdBmJHUP
|
| 043 |
|
|
|a n-us-ma
|a n-us-nh
|
| 050 |
0 |
4 |
|a F72.M7
|b L445 2009
|
| 082 |
0 |
|
|a 917.42/720444
|2 22
|
| 100 |
1 |
|
|a Leff, David K.
|
| 245 |
1 |
0 |
|a Deep Travel :
|b In Thoreau's Wake on the Concord and Merrimack /
|c David K. Leff.
|
| 264 |
|
1 |
|a Iowa City :
|b University of Iowa Press,
|c 2009.
|
| 264 |
|
3 |
|a Baltimore, Md. :
|b Project MUSE,
|c 2012
|
| 264 |
|
4 |
|c ©2009.
|
| 300 |
|
|
|a 1 online resource (279 pages):
|b map ;
|
| 336 |
|
|
|a text
|b txt
|2 rdacontent
|
| 337 |
|
|
|a computer
|b c
|2 rdamedia
|
| 338 |
|
|
|a online resource
|b cr
|2 rdacarrier
|
| 490 |
0 |
|
|a American land and life series
|
| 504 |
|
|
|a Includes bibliographical references.
|
| 588 |
|
|
|a Description based on print version record.
|
| 651 |
|
0 |
|a Merrimack River (N.H. and Mass.)
|x Description and travel.
|
| 651 |
|
0 |
|a Concord River (Mass.)
|x Description and travel.
|
| 600 |
1 |
0 |
|a Thoreau, Henry David,
|d 1817-1862.
|t Week on the Concord and Merrimack rivers.
|
| 600 |
1 |
0 |
|a Leff, David K.
|x Travel
|z Merrimack River (N.H. and Mass.)
|
| 600 |
1 |
0 |
|a Leff, David K.
|x Travel
|z Massachusetts
|z Concord River.
|
| 650 |
|
0 |
|a Awareness
|v Case studies.
|
| 650 |
|
0 |
|a Travel
|x Psychological aspects
|v Case studies.
|
| 650 |
|
0 |
|a Canoes and canoeing
|z Merrimack River (N.H. and Mass.)
|
| 650 |
|
0 |
|a Canoes and canoeing
|z Massachusetts
|z Concord River.
|
| 655 |
|
7 |
|a Electronic books.
|2 local
|
| 710 |
2 |
|
|a Project Muse.
|e distributor
|
| 830 |
|
0 |
|a Book collections on Project MUSE.
|
| 856 |
4 |
0 |
|z Texto completo
|u https://projectmuse.uam.elogim.com/book/6685/
|
| 945 |
|
|
|a Project MUSE - Custom Collection
|
| 945 |
|
|
|a Project MUSE - Archive Complete Foundation
|
| 945 |
|
|
|a Project MUSE - Archive Poetry, Fiction and Creative Non-Fiction Foundation
|